Modern Operating Systems (Record no. 23431)

000 -LEADER
fixed length control field 00190nam a22000737a 4500
003 - CONTROL NUMBER IDENTIFIER
control field Nust
005 - DATE AND TIME OF LATEST TRANSACTION
control field 20170525114527.0
008 - FIXED-LENGTH DATA ELEMENTS--GENERAL INFORMATION
fixed length control field 131003b xxu||||| |||| 00| 0 eng d
020 ## - INTERNATIONAL STANDARD BOOK NUMBER
Terms of availability Avalable
International Standard Book Number 9780136006633
040 ## - CATALOGING SOURCE
Original cataloging agency DLC
Language of cataloging DLC
Transcribing agency RCMS
050 ## - LIBRARY OF CONGRESS CALL NUMBER
Classification number 005.4 TAN
082 ## - DEWEY DECIMAL CLASSIFICATION NUMBER
Classification number 005.4 TAN
100 ## - MAIN ENTRY--PERSONAL NAME
Personal name Tanenbaum Andrew S
9 (RLIN) 1413
245 ## - TITLE STATEMENT
Title Modern Operating Systems
260 ## - PUBLICATION, DISTRIBUTION, ETC.
Place of publication, distribution, etc. USA
Name of publisher, distributor, etc. Prentice Hall Press Upper Saddle River,
Date of publication, distribution, etc. c2007
300 ## - PHYSICAL DESCRIPTION
Extent xxv,951,p:
Other physical details ill:
Dimensions 27,cm.
538 ## - SYSTEM DETAILS NOTE
Display text Shelf # 12, Row # 2, System Engineering.
650 ## - SUBJECT ADDED ENTRY--TOPICAL TERM
Topical term or geographic name entry element Computer Science
9 (RLIN) 228
856 ## - ELECTRONIC LOCATION AND ACCESS
Materials specified Table of Content Only
942 ## - ADDED ENTRY ELEMENTS (KOHA)
Source of classification or shelving scheme
Koha item type Book
Holdings
Withdrawn status Lost status Source of classification or shelving scheme Damaged status Not for loan Permanent Location Current Location Shelving location Date acquired Total Checkouts Full call number Barcode Date last seen Price effective from Koha item type
          School of Interdisciplinary Engineering and Sciences (SINES) School of Interdisciplinary Engineering and Sciences (SINES) General Stacks 10/03/2013   005.4 TAN RCMS002593 10/03/2013 10/03/2013 Book
© 2023 Central Library, National University of Sciences and Technology. All Rights Reserved.